[Event "Lazy PERLA BALTYKU"]
[Site "Lazy"]
[Date "2016.06.30"]
[Round "5.5"]
[White "Marczuk, Dominik"]
[Black "Smieszek, Wojciech"]
[Result "1-0"]
[WhiteElo "2298"]
[BlackElo "2137"]
[PlyCount "93"]
[EventDate "2016.??.??"]

1. f4 Nf6 2. Nf3 g6 3. g3 Bg7 4. Bg2 O-O 5. O-O d5 6. d3 c5 7. Qe1 Nc6 8. c3 d4
9. Na3 Be6 10. Bd2 dxc3 11. bxc3 Qa5 12. Qc1 Rfd8 13. Rb1 c4 14. d4 Rab8 15.
Ng5 Bg4 16. Re1 h6 17. Ne4 Nxe4 18. Bxe4 a6 19. Nxc4 Qxa2 20. Bd3 Bh3 21. e3
Qa4 22. Nb6 Qa5 23. Be4 Qh5 24. c4 Qg4 25. d5 Ne5 26. Qd1 Qxd1 27. Rexd1 Nd7
28. Bf3 Nxb6 29. Rxb6 Rdc8 30. Bb4 Bf6 31. c5 a5 32. Ba3 Bc3 33. Kf2 Bb4 34.
Bxb4 axb4 35. Rc1 Bf5 36. Rxb4 Rc7 37. g4 Bc8 38. c6 Kg7 39. Rcb1 g5 40. Kg3
Kf6 41. Rb6 Kg7 42. e4 gxf4+ 43. Kxf4 f6 44. Be2 Kf7 45. h4 e5+ 46. Kg3 Ke7 47.
d6+ 1-0

[Event "Lazy PERLA BALTYKU"]
[Site "Lazy"]
[Date "2016.06.30"]
[Round "5.6"]
[White "Mielczarski, Miroslaw"]
[Black "Kyc, Jerzy"]
[Result "0-1"]
[WhiteElo "2107"]
[BlackElo "2225"]
[PlyCount "98"]
[EventDate "2016.??.??"]

1. Nf3 Nf6 2. d4 g6 3. c3 Bg7 4. Bg5 Ne4 5. Bf4 d5 6. Nbd2 O-O 7. e3 c5 8. Bd3
f5 9. Be5 Bh6 10. c4 cxd4 11. cxd5 Nxf2 12. Kxf2 dxe3+ 13. Ke2 exd2 14. Bc4 b5
15. Bb3 a5 16. a4 bxa4 17. Rxa4 Ba6+ 18. Kf2 Bg7 19. Bxg7 Kxg7 20. Qxd2 Qb6+
21. Qd4+ Rf6 22. Re1 Ra7 23. Rxa5 Rb7 24. Ra3 Bd3 25. Re6 Qxd4+ 26. Nxd4 Be4
27. g3 Rxe6 28. Nxe6+ Kf6 29. Ke3 Ke5 30. Nc5 Rb5 31. Nd3+ Bxd3 32. Kxd3 Nd7
33. Kc3 Nc5 34. Bc4 Ne4+ 35. Kc2 Rc5 36. b3 Nf6 37. Ra8 Nxd5 38. Re8 Kf6 39.
Kd3 e5 40. Rd8 Nc7 41. b4 Rc6 42. Rd7 Ne8 43. Rxh7 Nd6 44. Bd5 Rb6 45. Kc3 e4
46. Kd4 Rxb4+ 47. Kc5 e3 48. Bf3 Rb2 49. Kxd6 e2 0-1

[Event "Lazy PERLA BALTYKU"]
[Site "Lazy"]
[Date "2016.06.30"]
[Round "5.7"]
[White "Juhnke, Jurgen"]
[Black "Krainski, Slawomir"]
[Result "1/2-1/2"]
[WhiteElo "2219"]
[BlackElo "2146"]
[PlyCount "30"]
[EventDate "2016.??.??"]

1. f4 Nf6 2. Nf3 g6 3. g3 c6 4. Bg2 Qb6 5. e3 Bg7 6. O-O O-O 7. Nc3 d6 8. Kh1
Nbd7 9. d3 e5 10. e4 exf4 11. gxf4 Qa5 12. Bd2 Qh5 13. Qe1 Nb6 14. Qh4 Qxh4 15.
Nxh4 d5 1/2-1/2

[Event "Lazy PERLA BALTYKU"]
[Site "Lazy"]
[Date "2016.06.30"]
[Round "5.8"]
[White "Zaleski, Lukasz"]
[Black "Budrewicz, Krzysztof"]
[Result "1-0"]
[WhiteElo "2080"]
[BlackElo "2217"]
[PlyCount "122"]
[EventDate "2016.??.??"]

1. e4 g6 2. d4 Bg7 3. Nf3 d6 4. Be2 a6 5. a4 Nf6 6. Nc3 O-O 7. O-O Nc6 8. d5
Nb8 9. Bg5 h6 10. Be3 Nbd7 11. Nd2 c6 12. Nc4 cxd5 13. exd5 b6 14. a5 b5 15.
Nb6 Nxb6 16. Bxb6 Qd7 17. Bf3 Ng4 18. Bd4 Ne5 19. Be2 g5 20. f4 gxf4 21. Rxf4
Ng6 22. Bxg7 Kxg7 23. Qd4+ f6 24. Rg4 Qa7 25. Qxa7 Rxa7 26. Rg3 f5 27. Bh5 Rf6
28. Ne2 Kh7 29. Bxg6+ Rxg6 30. Rc3 Bd7 31. Re3 e5 32. dxe6 Rxe6 33. Rxe6 Bxe6
34. Rd1 Bc4 35. Nf4 Rd7 36. Kf2 Kg7 37. g3 Kf6 38. c3 Bb3 39. Rd4 Bc2 40. Nd5+
Ke5 41. Nb4 Be4 42. Ke3 d5 43. Nxa6 Ra7 44. Nb4 Kd6 45. a6 Kc5 46. Kf4 Rg7 47.
Ke5 Re7+ 48. Kf6 Rd7 49. Ke6 Rd6+ 50. Ke7 Rg6 51. Rd1 h5 52. Kf7 Rh6 53. Kg7
Rd6 54. Kf8 Rd7 55. Ke8 Rh7 56. Kf8 h4 57. Kg8 hxg3 58. Kxh7 f4+ 59. Kh6 d4 60.
hxg3 dxc3 61. bxc3 fxg3 1-0

[Event "Lazy PERLA BALTYKU"]
[Site "Lazy"]
[Date "2016.06.30"]
[Round "5.9"]
[White "Chomczyk, Marek"]
[Black "Kosakowski, Jakub"]
[Result "1/2-1/2"]
[WhiteElo "2167"]
[BlackElo "2122"]
[PlyCount "55"]
[EventDate "2016.??.??"]

1. e4 e5 2. Nf3 Nc6 3. Bb5 a6 4. Ba4 Nf6 5. d4 Nxd4 6. Nxd4 exd4 7. e5 Ne4 8.
Qxd4 Nc5 9. O-O Be7 10. Nc3 O-O 11. Nd5 b5 12. Bb3 Bb7 13. Be3 Nxb3 14. axb3
Re8 15. Rfd1 Bf8 16. Qe4 d6 17. Nf6+ Qxf6 18. Qxb7 Qxe5 19. Rxa6 Rxa6 20. Qxa6
Qxb2 21. Qc6 Qe5 22. g3 Re7 23. Rd4 Qh5 24. Kg2 g6 25. Rd5 Qe2 26. Rd2 Qh5 27.
Rd5 Qe2 28. Rd2 1/2-1/2

[Event "Lazy PERLA BALTYKU"]
[Site "Lazy"]
[Date "2016.06.30"]
[Round "5.10"]
[White "Nowak, Kamil"]
[Black "Wacior, Maciej"]
[Result "1-0"]
[WhiteElo "2313"]
[BlackElo "2037"]
[PlyCount "55"]
[EventDate "2016.??.??"]

1. d4 d5 2. c4 e6 3. Nc3 c6 4. Nf3 Nf6 5. Bg5 Be7 6. e3 O-O 7. Bd3 Nbd7 8. O-O
a6 9. cxd5 exd5 10. Qc2 h6 11. Bh4 Nh5 12. Bxe7 Qxe7 13. Rab1 Nhf6 14. b4 Re8
15. a4 Ne4 16. b5 axb5 17. axb5 Nxc3 18. Qxc3 Ra3 19. Rb3 Rxb3 20. Qxb3 Nf6 21.
bxc6 bxc6 22. Rc1 Ng4 23. Rxc6 Nxe3 24. fxe3 Qxe3+ 25. Kf1 Bh3 26. Qd1 Bg4 27.
Qe2 Qxe2+ 28. Bxe2 1-0

[Event "Lazy PERLA BALTYKU"]
[Site "LAZY"]
[Date "2016.06.30"]
[Round "5.11"]
[White "Nowak, Mikolaj"]
[Black "Swicarz, Maciej"]
[Result "1-0"]
[WhiteElo "2091"]
[BlackElo "2292"]
[PlyCount "79"]
[EventDate "2016.??.??"]

1. d4 Nf6 2. Nf3 e6 3. g3 c5 4. Bg2 Nc6 5. c4 cxd4 6. Nxd4 Bb4+ 7. Bd2 Be7 8.
Nc2 b6 9. Nc3 Bb7 10. O-O O-O 11. e4 Rc8 12. Qe2 a6 13. Rac1 Qc7 14. Rfe1 Qb8
15. f4 Rfd8 16. Be3 Bc5 17. e5 Ne8 18. Na4 Bxe3+ 19. Qxe3 b5 20. Nb6 Rc7 21. c5
Ne7 22. b4 Bxg2 23. Kxg2 d6 24. exd6 Nxd6 25. a4 Ndf5 26. Qe2 Qb7+ 27. Kh3 bxa4
28. Red1 Re8 29. Ra1 Ng6 30. Rxa4 e5 31. Rxa6 Rce7 32. Nd5 Re6 33. Rb6 Rxb6 34.
Nxb6 Re6 35. Rd8+ Nf8 36. Nd7 Rh6+ 37. Kg4 g6 38. Rxf8+ Kg7 39. Qxe5+ f6 40.
Qxf6# 1-0

[Event "Lazy PERLA BALTYKU"]
[Site "LAZY"]
[Date "2016.06.30"]
[Round "5.12"]
[White "Sliwicki, Damian"]
[Black "Antolak, Julia"]
[Result "0-1"]
[WhiteElo "2242"]
[BlackElo "2073"]
[PlyCount "54"]
[EventDate "2016.??.??"]

1. e4 c5 2. Nf3 e6 3. d4 cxd4 4. Nxd4 Nf6 5. Nc3 d6 6. g3 Be7 7. Bg2 Nc6 8. O-O
O-O 9. a4 Bd7 10. Ndb5 Qb8 11. b3 a6 12. Na3 Qc7 13. Bb2 Rab8 14. Kh1 Na7 15.
a5 Qxa5 16. f4 Qc7 17. e5 Ne8 18. Ne4 Bc6 19. exd6 Nxd6 20. Qd4 f6 21. Rae1
Nxe4 22. Bxe4 Bxa3 23. Bxa3 Nb5 24. Qd3 Nxa3 25. c4 b5 26. Rf3 Rfd8 27. Qe3 f5
0-1

[Event "Lazy PERLA BALTYKU"]
[Site "LAZY"]
[Date "2016.06.30"]
[Round "5.13"]
[White "Karpus, Michal"]
[Black "Dmochowska, Agnieszka"]
[Result "1-0"]
[WhiteElo "2179"]
[BlackElo "2059"]
[PlyCount "63"]
[EventDate "2016.??.??"]

1. e4 c5 2. Nf3 Nc6 3. d4 cxd4 4. Nxd4 Nf6 5. Nc3 d6 6. Bg5 e6 7. Qd2 a6 8.
O-O-O Be7 9. f4 Bd7 10. Nf3 b5 11. e5 b4 12. exf6 bxc3 13. Qxc3 gxf6 14. Bh4 d5
15. Nd4 Rc8 16. Nxc6 Rxc6 17. Qd4 Qc7 18. Bxf6 Bc5 19. Qd2 Qb6 20. Kb1 Rg8 21.
g3 a5 22. Bd4 Ke7 23. Bxc5+ Qxc5 24. Bd3 a4 25. a3 Rb6 26. Ka1 Rgb8 27. Rb1 Qd4
28. Qc1 Qc5 29. Re1 Rxb2 30. Rxb2 Qc3 31. Rd1 Qxa3+ 32. Kb1 1-0

[Event "Lazy PERLA BALTYKU"]
[Site "LAZY"]
[Date "2016.06.30"]
[Round "5.14"]
[White "Szpar, Milosz"]
[Black "Kubicka, Anna"]
[Result "1/2-1/2"]
[WhiteElo "1943"]
[BlackElo "2171"]
[PlyCount "79"]
[EventDate "2016.??.??"]

1. e4 c6 2. d4 d5 3. Nd2 dxe4 4. Nxe4 Bf5 5. Ng3 Bg6 6. h4 h6 7. N1e2 e6 8. Nf4
Bh7 9. Bc4 Nf6 10. Ngh5 Nxh5 11. Nxh5 Bxc2 12. Qxc2 Qa5+ 13. Bd2 Qxh5 14. f3
Qf5 15. Qxf5 exf5 16. O-O-O Bd6 17. d5 c5 18. Bd3 f4 19. Rde1+ Kd8 20. Re4 Re8
21. Rxe8+ Kxe8 22. Re1+ Kd8 23. Bc3 g6 24. h5 gxh5 25. Bf6+ Kc7 26. Re8 Nd7 27.
Rxa8 Nxf6 28. Rh8 Nxd5 29. Rxh6 a6 30. Rxh5 Ne3 31. Rh7 b5 32. Rxf7+ Kb6 33.
Rg7 c4 34. Be4 a5 35. Rg5 Be7 36. Rg6+ Kc5 37. g3 fxg3 38. Rxg3 Kd4 39. Rg8 c3
40. bxc3+ 1/2-1/2

[Event "Lazy PERLA BALTYKU"]
[Site "LAZY"]
[Date "2016.06.30"]
[Round "5.15"]
[White "Kowalski, Igor"]
[Black "Korpalski, Maciej"]
[Result "1-0"]
[WhiteElo "2131"]
[BlackElo "1968"]
[PlyCount "53"]
[EventDate "2016.??.??"]

1. e4 c5 2. Nf3 d6 3. d4 cxd4 4. Nxd4 Nf6 5. Nc3 a6 6. g3 e6 7. g4 h6 8. Rg1 b5
9. Bg2 Bb7 10. Qe2 Qc7 11. h4 b4 12. Na4 e5 13. Nf5 Bc6 14. g5 hxg5 15. hxg5
Nh5 16. Qc4 Qb7 17. b3 g6 18. Nh6 Bxh6 19. gxh6 Nf6 20. Bg5 Nxe4 21. Bxe4 Bxe4
22. Nb6 O-O 23. h7+ Kxh7 24. Bf6 Nd7 25. Rh1+ Bxh1 26. Qh4+ Kg8 27. Qh8# 1-0

[Event "Lazy PERLA BALTYKU"]
[Site "LAZY"]
[Date "2016.06.30"]
[Round "5.16"]
[White "Sliwicka, Alicja"]
[Black "Karbowiak, Adam"]
[Result "1-0"]
[WhiteElo "2041"]
[BlackElo "2128"]
[PlyCount "88"]
[EventDate "2016.??.??"]

1. e4 e6 2. d4 d5 3. Nc3 dxe4 4. Nxe4 Bd7 5. Nf3 Bc6 6. Bd3 Nd7 7. O-O Ngf6 8.
Ned2 Be7 9. Re1 O-O 10. Nc4 Bd5 11. Nce5 c5 12. c4 Bxf3 13. Nxf3 cxd4 14. Nxd4
Bb4 15. Re2 Ng4 16. Be4 Ndf6 17. h3 Nxf2 18. Kxf2 Bc5 19. Bxb7 Bxd4+ 20. Be3
Bxe3+ 21. Rxe3 Rb8 22. Qxd8 Rfxd8 23. Rb3 Rd7 24. Bf3 Rd2+ 25. Ke1 Rxb2 26. Ra3
Rc2 27. Ra4 e5 28. Kd1 Rcb2 29. Rxa7 e4 30. Be2 h6 31. Ke1 Rc2 32. Ra5 Rbb2 33.
Bf1 g6 34. a4 Nh5 35. Rb5 Ra2 36. Rxa2 Rxa2 37. Rb3 Rxa4 38. c5 Nf4 39. c6 Ne6
40. Kd2 Kg7 41. Rb7 Ra2+ 42. Kc3 e3 43. Bc4 e2 44. Rb1 Kf6 1-0

[Event "Lazy PERLA BALTYKU"]
[Site "LAZY"]
[Date "2016.06.30"]
[Round "5.17"]
[White "Buraczewski, Rafal"]
[Black "Garbowski, Jakub"]
[Result "1-0"]
[WhiteElo "2032"]
[BlackElo "2102"]
[PlyCount "79"]
[EventDate "2016.??.??"]

1. d4 Nf6 2. Nf3 g6 3. e3 Bg7 4. c4 d5 5. Nc3 O-O 6. cxd5 Nxd5 7. Bc4 Nb6 8.
Be2 Nc6 9. O-O Re8 10. a3 e5 11. d5 Na5 12. e4 c6 13. b4 Nac4 14. Qb3 Nd6 15.
dxc6 bxc6 16. Rd1 Be6 17. Qc2 Qe7 18. Be3 Rad8 19. Bc5 Bc8 20. a4 Qe6 21. a5
Nbc4 22. Na4 h6 23. Rdc1 Qg4 24. Bxc4 Qxe4 25. Qxe4 Nxe4 26. Bxa7 Bg4 27. Bb6
Rd6 28. Bc5 Rdd8 29. Be3 Nd6 30. Nd2 e4 31. Ra2 Nf5 32. h3 Nxe3 33. fxe3 Bf5
34. Nc5 h5 35. a6 Bh6 36. Nf1 g5 37. a7 g4 38. hxg4 hxg4 39. Nb7 Ra8 40. Nd6
1-0

[Event "Lazy PERLA BALTYKU"]
[Site "LAZY"]
[Date "2016.06.30"]
[Round "5.18"]
[White "Zaninotto, Franco"]
[Black "Franckowski, Janusz"]
[Result "1-0"]
[WhiteElo "2127"]
[BlackElo "2001"]
[PlyCount "79"]
[EventDate "2016.??.??"]

1. e4 e5 2. Nf3 Nc6 3. Bb5 a6 4. Ba4 Nf6 5. O-O Be7 6. d3 d6 7. c3 O-O 8. Nbd2
Re8 9. Re1 Bf8 10. h3 g6 11. Nf1 Bg7 12. Ng3 b5 13. Bc2 h6 14. a4 Bb7 15. Nh2
Ne7 16. f4 exf4 17. Bxf4 c5 18. Qd2 Kh7 19. Re2 Nc6 20. Nf3 b4 21. d4 a5 22. d5
Ne7 23. c4 Ba6 24. Bd3 Nfg8 25. e5 dxe5 26. Bxe5 Nxd5 27. cxd5 c4 28. Bxg7 Kxg7
29. Rxe8 Qxe8 30. Bxc4 Bxc4 31. Qd4+ Kh7 32. Qxc4 Qe3+ 33. Kh2 Qf2 34. b3 Ra7
35. Rd1 Rd7 36. d6 f6 37. Ne4 Qa7 38. Nc5 Rd8 39. d7 Qc7+ 40. Kh1 1-0

[Event "Lazy PERLA BALTYKU"]
[Site "LAZY"]
[Date "2016.06.30"]
[Round "5.19"]
[White "Mazalon, Mariusz"]
[Black "Kozak, Antoni"]
[Result "0-1"]
[WhiteElo "2083"]
[BlackElo "1981"]
[PlyCount "78"]
[EventDate "2016.??.??"]

1. d4 Nf6 2. Nf3 c5 3. d5 e6 4. c4 exd5 5. cxd5 d6 6. Nc3 g6 7. e4 Bg7 8. h3
O-O 9. Bd3 b5 10. Nxb5 Re8 11. O-O Nxe4 12. Bxe4 Rxe4 13. Ng5 Re5 14. f4 Re7
15. Qf3 Ba6 16. a4 Bxb5 17. axb5 h6 18. Ne4 f5 19. Nc3 Nd7 20. Bd2 Qc7 21. Rfe1
Rae8 22. g4 Nb6 23. b3 Rxe1+ 24. Rxe1 Rxe1+ 25. Bxe1 Qe7 26. Bd2 Bxc3 27. Qxc3
Nxd5 28. Qa5 fxg4 29. hxg4 Qd7 30. Kf1 Nf6 31. g5 hxg5 32. fxg5 Ne4 33. Be3 d5
34. Ke1 d4 35. Bf4 Nc3 36. Qa6 Qe7+ 37. Kf2 Qe2+ 38. Kg3 Ne4+ 39. Kh3 Qf3+ 0-1

[Event "Lazy PERLA BALTYKU"]
[Site "LAZY"]
[Date "2016.06.30"]
[Round "5.20"]
[White "Kicinski, Jacek"]
[Black "Sciborowski, Miroslaw"]
[Result "0-1"]
[WhiteElo "1998"]
[BlackElo "2003"]
[PlyCount "78"]
[EventDate "2016.??.??"]

1. e4 d5 2. exd5 Qxd5 3. Nc3 Qa5 4. d4 Nf6 5. Nf3 Bf5 6. Bc4 e6 7. Bd2 c6 8.
Ne5 Qb6 9. Bc1 Be7 10. O-O Nbd7 11. Bb3 Rd8 12. Nf3 Bg4 13. Be3 Qc7 14. Qe2 O-O
15. Rad1 e5 16. Bg5 Bxf3 17. Qxf3 exd4 18. Rxd4 Ne5 19. Qd1 Bc5 20. Rxd8 Rxd8
21. Qe2 Neg4 22. g3 Re8 23. Qf3 Qe5 24. Bxf6 Nxf6 25. Rd1 Bd4 26. Rd3 b5 27.
Nd1 a5 28. c3 Ba7 29. a4 bxa4 30. Bxa4 h5 31. Bxc6 Re7 32. Ne3 Ng4 33. Nxg4
hxg4 34. Rd8+ Kh7 35. Qd3+ g6 36. Qd2 Re6 37. Bd5 Rf6 38. Rd7 Rxf2 39. Qxf2
Qe1+ 0-1

[Event "Lazy PERLA BALTYKU"]
[Site "LAZY"]
[Date "2016.06.30"]
[Round "5.21"]
[White "Lebiedowicz, Borys"]
[Black "Godzwon, Iwo"]
[Result "0-1"]
[WhiteElo "2002"]
[BlackElo "1884"]
[PlyCount "74"]
[EventDate "2016.??.??"]

1. e4 c5 2. Nf3 g6 3. d4 cxd4 4. Nxd4 Nc6 5. Nc3 Bg7 6. Be3 Nf6 7. f3 O-O 8.
Qd2 d5 9. Nxc6 bxc6 10. e5 Nd7 11. f4 e6 12. Be2 f6 13. exf6 Qxf6 14. Rd1 Kh8
15. O-O c5 16. Qd3 a5 17. Na4 Ba6 18. Qd2 d4 19. Bxa6 Rxa6 20. Qe2 Rd6 21. Bd2
Qf5 22. Be1 Nb6 23. Nxb6 Rxb6 24. b3 a4 25. Qc4 axb3 26. axb3 Ra8 27. Rd3 Rba6
28. Bd2 Ra1 29. Rxa1 Rxa1+ 30. Kf2 e5 31. Qxc5 e4 32. Qxf5 gxf5 33. Rg3 Ra2 34.
Ke1 Rxc2 35. Rg5 e3 36. Ba5 d3 37. Kd1 Ra2 0-1

[Event "Lazy PERLA BALTYKU"]
[Site "LAZY"]
[Date "2016.06.30"]
[Round "5.22"]
[White "Nowak, Maciej"]
[Black "Katafiasz, Tomasz"]
[Result "1/2-1/2"]
[WhiteElo "2007"]
[BlackElo "1888"]
[PlyCount "54"]
[EventDate "2016.??.??"]

1. d4 Nf6 2. c4 g6 3. Nc3 d5 4. cxd5 Nxd5 5. e4 Nxc3 6. bxc3 Bg7 7. Bc4 c5 8.
Ne2 Nc6 9. Be3 O-O 10. O-O cxd4 11. cxd4 b6 12. Rc1 Bb7 13. Qd3 e6 14. Rfd1 Qe7
15. Bb5 Rac8 16. f3 a6 17. Bxc6 Rxc6 18. Rxc6 Bxc6 19. Qxa6 Qb4 20. Qd3 Ra8 21.
Qb3 Qa5 22. Rd2 Ba4 23. Qc3 Qa6 24. Bf4 Bb5 25. Qe3 Bxe2 26. Qxe2 Qxe2 27. Rxe2
Bxd4+ 1/2-1/2

[Event "Lazy PERLA BALTYKU"]
[Site "LAZY"]
[Date "2016.06.30"]
[Round "5.23"]
[White "Wisniewski, Jacek"]
[Black "Frej, Zofia"]
[Result "1-0"]
[WhiteElo "1989"]
[BlackElo "1929"]
[PlyCount "79"]
[EventDate "2016.??.??"]

1. d4 d5 2. Nf3 e6 3. g3 Nf6 4. Bg2 c5 5. O-O Nc6 6. e3 Bd6 7. Nbd2 cxd4 8.
Nxd4 e5 9. Nxc6 bxc6 10. c4 O-O 11. b3 Bg4 12. Qc2 Re8 13. Bb2 Rc8 14. Rac1 Qd7
15. Nb1 h6 16. cxd5 cxd5 17. Qd2 Bh3 18. Rfd1 Bxg2 19. Kxg2 Qg4 20. Nc3 Bb4 21.
Qe2 Qe6 22. Qd3 e4 23. Qb5 Bxc3 24. Bxc3 Red8 25. Bd4 a6 26. Qa5 Nh7 27. h4 Nf6
28. Bxf6 Qxf6 29. Kg1 Rxc1 30. Rxc1 d4 31. Rc6 Qxc6 32. Qxd8+ Kh7 33. Qxd4 f5
34. Qe5 Qd7 35. Kg2 g6 36. Qd4 Qc6 37. a4 g5 38. Qe5 Qg6 39. hxg5 hxg5 40. b4
1-0

[Event "Lazy PERLA BALTYKU"]
[Site "LAZY"]
[Date "2016.06.30"]
[Round "5.24"]
[White "Konieczynski, Piotr"]
[Black "Marczuk, Anna"]
[Result "1-0"]
[WhiteElo "1973"]
[BlackElo "1931"]
[PlyCount "75"]
[EventDate "2016.??.??"]

1. Nf3 d6 2. d4 Bg4 3. c4 Bxf3 4. exf3 g6 5. Nc3 Bg7 6. Be3 Nd7 7. Be2 Ngf6 8.
O-O O-O 9. Qd2 e5 10. Rfd1 Re8 11. f4 exf4 12. Bxf4 Ne4 13. Nxe4 Rxe4 14. Be3
Re8 15. Bf3 Rb8 16. Rac1 f5 17. Qa5 Qc8 18. Qxa7 Ra8 19. Qxb7 Qxb7 20. Bxb7
Rxa2 21. Bc6 Rd8 22. b4 Nb8 23. Bf3 Ra4 24. b5 Nd7 25. g3 Nf6 26. Bc6 Rb4 27.
Bd2 Rb3 28. Ba5 Rc8 29. c5 dxc5 30. dxc5 Ra3 31. Bc3 Kf8 32. Be5 Ng4 33. Bxg7+
Kxg7 34. Rd7+ Kh6 35. Bb7 Re8 36. Rxc7 Ra2 37. Rf1 Ree2 38. Bf3 1-0

[Event "Lazy PERLA BALTYKU"]
[Site "LAZY"]
[Date "2016.06.30"]
[Round "5.25"]
[White "Jedrocha, Katarzyna"]
[Black "Kokoszczynski, Jan"]
[Result "1/2-1/2"]
[WhiteElo "1948"]
[BlackElo "1921"]
[PlyCount "66"]
[EventDate "2016.??.??"]

1. d4 Nf6 2. g3 e6 3. Bg2 d5 4. c4 Bb4+ 5. Nc3 O-O 6. Qb3 Bxc3+ 7. bxc3 c6 8.
Nf3 Nbd7 9. O-O Re8 10. Bf4 b6 11. Ne5 Nxe5 12. dxe5 Nd7 13. cxd5 cxd5 14. c4
Nc5 15. Qc2 Bb7 16. Rfd1 Rc8 17. cxd5 exd5 18. Qd2 Ne4 19. Bxe4 dxe4 20. Qb4
Qe7 21. Rd6 g5 22. Be3 Qxe5 23. Rad1 Qe7 24. Qd2 Bc6 25. Bxg5 e3 26. Qxe3 Qxe3
27. Bxe3 Bb5 28. Kf1 Rc2 29. R6d2 Rec8 30. Ke1 f6 31. Rxc2 Rxc2 32. Rd2 Rc1+
33. Rd1 Rc2 1/2-1/2

[Event "Lazy PERLA BALTYKU"]
[Site "Lazy"]
[Date "2016.07.01"]
[Round "6.1"]
[White "Lewtak, Damian"]
[Black "Stupak, Kirill"]
[Result "1/2-1/2"]
[WhiteElo "2323"]
[BlackElo "2555"]
[PlyCount "137"]
[EventDate "2016.??.??"]

1. d4 Nf6 2. Nf3 e6 3. g3 b5 4. Bg2 Bb7 5. O-O c5 6. a4 b4 7. c4 Na6 8. d5 exd5
9. Nh4 Nc7 10. cxd5 Nfxd5 11. e4 Ne7 12. Bf4 Ng6 13. Nxg6 hxg6 14. Nd2 Ne6 15.
Be3 Ba6 16. Re1 Rc8 17. f4 c4 18. f5 Nc5 19. fxg6 fxg6 20. e5 Qe7 21. Bd5 Rh5
22. Qg4 Rxe5 23. Bf2 Nd3 24. Qxg6+ Kd8 25. Qxa6 Nxf2 26. Qa5+ Rc7 27. Kxf2 Qc5+
28. Qxc5 Bxc5+ 29. Kf3 Rxd5 30. Nxc4 Bd4 31. Rac1 Bf6 32. Ne3 Rxc1 33. Rxc1 Rd3
34. Rc2 Bg5 35. Re2 Rb3 36. h4 Bxe3 37. Rxe3 Rxb2 38. Re4 b3 39. Rb4 Rb1 40.
Ke2 b2 41. Kd2 Kc7 42. Kc2 Rg1 43. Kxb2 Rxg3 44. a5 Rg6 45. Kb3 d5 46. Rf4 Kc6
47. Kb4 a6 48. h5 Rg1 49. Rh4 Rb1+ 50. Kc3 Kb5 51. Rg4 Rh1 52. Rxg7 Rxh5 53.
Kd4 Kxa5 54. Rg1 Kb6 55. Rb1+ Kc6 56. Rc1+ Kb6 57. Rb1+ Ka7 58. Ra1 Rh4+ 59.
Kxd5 Kb6 60. Rb1+ Ka5 61. Kc5 Ra4 62. Rb2 Ra1 63. Kc4 Ka4 64. Rb4+ Ka3 65. Rb3+
Ka2 66. Kb4 a5+ 67. Ka4 Rb1 68. Rxb1 Kxb1 69. Kxa5 1/2-1/2

[Event "Lazy PERLA BALTYKU"]
[Site "Lazy"]
[Date "2016.07.01"]
[Round "6.2"]
[White "Shishkin, Vadim"]
[Black "Bilguun, Sumiya"]
[Result "1-0"]
[WhiteElo "2459"]
[BlackElo "2395"]
[PlyCount "81"]
[EventDate "2016.??.??"]

1. d4 d5 2. c4 e6 3. Nf3 c6 4. Nbd2 f5 5. g3 Nf6 6. Bg2 Bd6 7. O-O Nbd7 8. b3
O-O 9. Ne1 Ne4 10. Nd3 Qf6 11. Bb2 Qh6 12. Nf3 g5 13. Nfe5 Qg7 14. f3 Nef6 15.
Qd2 Be7 16. Kh1 Nh5 17. g4 Nf4 18. Nxf4 gxf4 19. gxf5 Nxe5 20. dxe5 Rxf5 21.
Bh3 Rg5 22. Qxf4 Bd7 23. Rg1 Rf8 24. Qe3 Kh8 25. f4 Rg6 26. Rxg6 hxg6 27. Rg1
Qh6 28. Bc1 Rf7 29. Rg3 Bh4 30. Rf3 dxc4 31. bxc4 c5 32. Bg2 Qf8 33. Rh3 g5 34.
Qg3 Rh7 35. Qg4 Bc6 36. e4 Qf7 37. fxg5 Qf2 38. Be3 Qe1+ 39. Bg1 Bf2 40. Rxh7+
Kxh7 41. Qh5+ 1-0

[Event "Lazy PERLA BALTYKU"]
[Site "Lazy"]
[Date "2016.07.01"]
[Round "6.3"]
[White "Kyc, Jerzy"]
[Black "Jarmula, Lukasz"]
[Result "0-1"]
[WhiteElo "2225"]
[BlackElo "2447"]
[PlyCount "92"]
[EventDate "2016.??.??"]

1. e4 e6 2. d4 d5 3. Nd2 Be7 4. Ngf3 Nf6 5. Bd3 c5 6. dxc5 dxe4 7. Nxe4 Nxe4 8.
Bxe4 Qxd1+ 9. Kxd1 Bxc5 10. Ke2 Nd7 11. c3 Ke7 12. Rd1 Nf6 13. Bc2 b6 14. Bf4
Nd5 15. Bg3 Ba6+ 16. Bd3 Bb7 17. Nd2 Bd6 18. Bxd6+ Kxd6 19. Nc4+ Ke7 20. g3 g5
21. Ne3 Nf6 22. g4 h5 23. h3 hxg4 24. hxg4 Rh3 25. Rg1 Rd8 26. Rg3 Rxg3 27.
fxg3 Rh8 28. Nf1 Nxg4 29. a4 Ne5 30. a5 Rd8 31. Bc2 Ba6+ 32. Ke1 Bxf1 33. Kxf1
Rd2 34. Be4 f5 35. Bb7 Rxb2 36. axb6 axb6 37. Ra7 Kf6 38. Bc8 f4 39. gxf4 gxf4
40. Rh7 f3 41. Rh6+ Kg5 42. Rxe6 Kf4 43. Rd6 Kg3 44. Bf5 Rh2 45. Rh6 Rxh6 46.
Bh3 Rxh3 0-1

[Event "Lazy PERLA BALTYKU"]
[Site "Lazy"]
[Date "2016.07.01"]
[Round "6.4"]
[White "Krainski, Aleksander"]
[Black "Kocheev, Aleksandr"]
[Result "0-1"]
[WhiteElo "2141"]
[BlackElo "2345"]
[PlyCount "90"]
[EventDate "2016.??.??"]

1. e4 Nf6 2. e5 Nd5 3. d4 d6 4. c4 Nb6 5. exd6 cxd6 6. Nf3 g6 7. Be2 Bg7 8. O-O
O-O 9. h3 Nc6 10. Be3 d5 11. b3 e5 12. c5 Nd7 13. Nc3 e4 14. Ne1 Nxc5 15. Rc1
Ne6 16. Nxe4 Ncxd4 17. Nc5 Nxe2+ 18. Qxe2 d4 19. Bd2 Nxc5 20. Rxc5 Qb6 21. Nd3
Bf5 22. Rfc1 Rfe8 23. Qf3 Be4 24. Qg3 Qa6 25. Nb4 Qe6 26. Bf4 a5 27. Nd3 a4 28.
Be5 b6 29. Bxg7 bxc5 30. Nxc5 Qd5 31. Bh6 d3 32. Qf4 Qf5 33. Qd2 Rac8 34. b4 f6
35. Be3 Qd5 36. f3 Bxf3 37. gxf3 Qxf3 38. Re1 Qg3+ 39. Kh1 Qxh3+ 40. Kg1 Qg3+
41. Kf1 Re5 42. Qxd3 Rf5+ 43. Ke2 Qg2+ 44. Kd1 Re8 45. Bd4 Qg4+ 0-1

[Event "Lazy PERLA BALTYKU"]
[Site "Lazy"]
[Date "2016.07.01"]
[Round "6.5"]
[White "Zaleski, Lukasz"]
[Black "Marczuk, Dominik"]
[Result "1/2-1/2"]
[WhiteElo "2080"]
[BlackElo "2298"]
[PlyCount "193"]
[EventDate "2016.??.??"]

1. e4 c5 2. Nf3 d6 3. Bb5+ Bd7 4. Bxd7+ Nxd7 5. O-O Ngf6 6. Qe2 e6 7. c3 Be7 8.
d4 cxd4 9. cxd4 d5 10. e5 Ne4 11. Ne1 Qb6 12. f3 Qxd4+ 13. Kh1 Nec5 14. f4 Ne4
15. Be3 Qa4 16. Nd3 Qa6 17. Re1 O-O 18. Nd2 Nxd2 19. Qxd2 f5 20. exf6 Nxf6 21.
Bd4 Ne4 22. Qe3 Bf6 23. Rf1 Bxd4 24. Qxd4 Rac8 25. Ne5 Rc2 26. Rae1 Qa5 27. Nf3
Rxf4 28. Qe5 Rf6 29. Rxe4 Qb5 30. Ree1 Qxb2 31. Qd6 Rf2 32. Rxf2 Qxf2 33. Rc1
h6 34. Qa3 e5 35. Qb3 Kh7 36. Qxd5 Qe3 37. Qd2 Qxd2 38. Nxd2 Rf2 39. Rd1 e4 40.
Nxe4 Rxa2 41. Kg1 Kg6 42. Rd7 b6 43. Nc3 Ra1+ 44. Kf2 Kh7 45. h4 a6 46. Ra7 Ra5
47. Rb7 Rc5 48. Ne4 Rc4 49. Ke3 b5 50. Rb6 Ra4 51. h5 Kg8 52. Nc5 Rh4 53. Nxa6
Rxh5 54. Nc7 Rg5 55. Kf3 Rf5+ 56. Kg3 Rg5+ 57. Kh2 Rh5+ 58. Kg1 Rc5 59. Nxb5
Rc1+ 60. Kh2 Rb1 61. Rb7 Kh7 62. Nd6 Rxb7 63. Nxb7 Kg6 64. Kg3 Kf5 65. Nd6+ Ke5
66. Nc4+ Kf5 67. Kf3 h5 68. Ne3+ Ke5 69. Nc4+ Kf5 70. Nd6+ Ke5 71. Ne8 g6 72.
Kg3 Kf5 73. Kh4 Kf4 74. Nf6 g5+ 75. Kh3 h4 76. Ng4 Kf5 77. Ne3+ Kf4 78. Nd5+
Kf5 79. Ne7+ Kf6 80. Nd5+ Kf5 81. Ne3+ Kf4 82. Nc2 Kf5 83. Nd4+ Kf4 84. Nb3 Kf5
85. Nc5 Kf4 86. Nd3+ Kf5 87. Nf2 Kf4 88. Nd1 Kf5 89. Nc3 Kf4 90. Ne2+ Kf5 91.
Kh2 g4 92. Kg1 Ke4 93. Kf2 h3 94. g3 h2 95. Kg2 h1=Q+ 96. Kxh1 Kf3 97. Nf4
1/2-1/2

[Event "Lazy PERLA BALTYKU"]
[Site "Lazy"]
[Date "2016.07.01"]
[Round "6.6"]
[White "Kowalski, Igor"]
[Black "Nowak, Kamil"]
[Result "1/2-1/2"]
[WhiteElo "2131"]
[BlackElo "2313"]
[PlyCount "89"]
[EventDate "2016.??.??"]

1. e4 e5 2. Nf3 Nc6 3. Bc4 Bc5 4. c3 Nf6 5. d3 d6 6. Nbd2 a6 7. Bb3 O-O 8. O-O
Ba7 9. h3 Be6 10. Bc2 h6 11. Re1 Re8 12. Nf1 d5 13. Qe2 Qd7 14. Ng3 Rad8 15.
Be3 d4 16. Bd2 Bc5 17. Kh2 dxc3 18. bxc3 b6 19. Red1 Qe7 20. Be3 Bxe3 21. Qxe3
Qa3 22. d4 exd4 23. cxd4 Qxe3 24. fxe3 Nb4 25. Bb1 Bc4 26. a3 Nc6 27. Bc2 Na5
28. Ne5 Nd7 29. Nxc4 Nxc4 30. Re1 b5 31. a4 c5 32. axb5 axb5 33. Ra7 cxd4 34.
exd4 Nf6 35. e5 Nd5 36. e6 Rxe6 37. Rxe6 fxe6 38. Nh5 Nf6 39. Nxg7 Rd6 40. Bb3
Nd5 41. Nh5 Rb6 42. Rg7+ Kh8 43. Rg6 Kh7 44. Rg7+ Kh8 45. Rg6 1/2-1/2